<?xml version="1.0" encoding="UTF-8"?>
<collection xmlns="http://www.loc.gov/MARC21/slim">
 <record>
  <leader>01436nam a2200193Ia 4500</leader>
  <controlfield tag="001">TDMU_17802</controlfield>
  <controlfield tag="008">210410s9999    xx            000 0 und d</controlfield>
  <datafield tag="082" ind1=" " ind2=" ">
   <subfield code="a">345.597</subfield>
  </datafield>
  <datafield tag="090" ind1=" " ind2=" ">
   <subfield code="b">NG527</subfield>
  </datafield>
  <datafield tag="100" ind1=" " ind2=" ">
   <subfield code="a">Nguyễn, Trung Linh</subfield>
  </datafield>
  <datafield tag="245" ind1=" " ind2="0">
   <subfield code="a">Vai trò trọng tài của tòa án trong giai đoạn xét xử sơ thẩm vụ án hình sự ở Việt Nam</subfield>
  </datafield>
  <datafield tag="245" ind1=" " ind2="0">
   <subfield code="c">Nguyễn Trung Linh; Th.S. Võ Thị Kim Oanh (Hướng dẫn)</subfield>
  </datafield>
  <datafield tag="260" ind1=" " ind2=" ">
   <subfield code="a">Tp. Hồ Chí Minh</subfield>
  </datafield>
  <datafield tag="260" ind1=" " ind2=" ">
   <subfield code="c">2010</subfield>
  </datafield>
  <datafield tag="300" ind1=" " ind2=" ">
   <subfield code="a">91tr</subfield>
  </datafield>
  <datafield tag="520" ind1=" " ind2=" ">
   <subfield code="a">TM tài liệu tham khảo tr.87 -  tr.91; Khóa luận cử nhân Luật. Niên khóa 2006 - 2010; Nhận thức chung về vai trò trọng tài của tòa án án trong xét xử sơ thẩm vụ án hình sự ở Việt Nam. Khái niệm, vị trí, vai trò, các điều kiện để đảm bảo vai trò trọng tài của tòa án. Nội dung vai trò trọng tài của tòa án trong giai đoạn xét xử sơ thẩm vụ án hình sự ở Việt Nam, thực tiễn áp dụng và những kiến nghị hoàn thiện.</subfield>
  </datafield>
  <datafield tag="650" ind1=" " ind2=" ">
   <subfield code="a">Khóa luận; Vụ án hình sự</subfield>
   <subfield code="x">Tòa án</subfield>
   <subfield code="x">Xét xử sơ thẩm; Trọng tài tòa án</subfield>
   <subfield code="x">Vai trò</subfield>
  </datafield>
  <datafield tag="856" ind1=" " ind2=" ">
   <subfield code="u">http://lrc.tdmu.edu.vn/opac/search/detail.asp?aID=2&amp;ID=17802</subfield>
  </datafield>
  <datafield tag="980" ind1=" " ind2=" ">
   <subfield code="a">Trung tâm Học liệu Trường Đại học Thủ Dầu Một</subfield>
  </datafield>
 </record>
</collection>
